000 01499nam0a2200325 4500
001 RU\NLR\bibl\1106879
005 20260405191612.0
010 _a5-94849-835-2
_93000
021 _aRU
_b2007-36861
_91965
035 _a(NLR Aleph) 001093937
090 _a1135830
_c1135830
100 _a20070710d2006 |||y0rusy50 ca
101 0 _arus
102 _aRU
105 _aa |||||||||
200 1 _aСтраны мира
_eбольшая географическая энциклопедия
_eдля школьников и студентов
_f[Аксенова Л.А. и др.
_gнауч. ред. д.г.н. Люри Д.И.]
210 _aМосква
_cОЛМА-ПРЕСС Образование
_d2006
215 _a638,[1] с.
_cил., цв. ил., портр.
_d27
300 _aЗагл. обл.: Большая географическая энциклопедия
512 1 _aБольшая географическая энциклопедия
607 _aСтраны мира
_jЭнциклопедии
_xГеография
_92512249
_3RU\NLR\auth\661489206
686 _aД890(0)я20
702 1 _4340
_8rus
_7ca
_aЛюри
_bД. И.
_gДмитрий Игоревич
_3RU\NLR\auth\7783611
_966539
702 1 _8rus
_7ca
_aАксенова
_bЛ. А.
_gЛюдмила Александровна
_3RU\NLR\auth\7783608
_966536
801 0 _aRU
_bNLR
_c20070710
_gRCR
801 1 _aRU
_bNLR
_c20070710
830 _aред. по кат., сост. нет
942 _cBOOK
980 _aNB